[Event "chess.com Speed 2020"]
[Site "chess.com INT"]
[Date "2020.12.03"]
[Round "2.15"]
[White "Nakamura,Hi"]
[Black "Fedoseev,Vl3"]
[Result "1-0"]
[WhiteElo "2736"]
[BlackElo "2676"]

1.d4 d5 2.c4 e6 3.Nf3 Nf6 4.Nc3 h6 5.e3 Nbd7 6.Ne5 dxc4 7.Nxc4 a6 8.a4 Bb4
9.Be2 O-O 10.O-O Qe7 11.Na2 Bd6 12.Nxd6 cxd6 13.b3 b6 14.Ba3 Bb7 15.Nc3 Rfc8
16.Qd2 Rc7 17.f3 Rac8 18.Rfc1 Nf8 19.e4 Qd7 20.Nd1 Rxc1 21.Rxc1 Rxc1 22.Qxc1 Ng6
23.Ne3 d5 24.e5 Ne8 25.Bd3 Ne7 26.Bb1 Nc6 27.Qc2 f5 28.exf6 Nxf6 29.Ng4 Qf7
30.Ne5 Qe8 31.Ng4 Qf7 32.Qd3 a5 33.Ne5 Qc7 34.Qc3 Ne8 35.Kf2 Nxe5 36.Qxc7 Ng4+
37.fxg4 Nxc7 38.Be7 Kf7 39.Bd8 Na8 40.g5 hxg5 41.Bxg5 Ba6 42.Bf4 b5 43.Bd3 bxa4
44.Bxa6 axb3 45.Ke2 a4 46.Kd2 a3 47.Kc3 a2 48.Kb2 Nb6 49.Bd3 Nc4+ 50.Ka1 Kf6
51.h4 Na5 52.Bg5+ Kf7 53.Bd2 Nc6 54.Bc3 e5 55.dxe5 Ke6 56.Kb2 d4 57.Bc4+ Kxe5
58.Bd2  1-0

[Event "chess.com Speed 2020"]
[Site "chess.com INT"]
[Date "2020.12.03"]
[Round "2.16"]
[White "Fedoseev,Vl3"]
[Black "Nakamura,Hi"]
[Result "0-1"]
[WhiteElo "2676"]
[BlackElo "2736"]

1.d4 Nf6 2.c4 e6 3.Nf3 d5 4.g3 Be7 5.Bg2 O-O 6.O-O dxc4 7.Qc2 a6 8.a4 Bd7
9.Qxc4 Bc6 10.Bf4 Bd6 11.Qc1 a5 12.Nc3 Na6 13.Bd2 Qe7 14.Re1 Nb4 15.Qb1 Bxf3
16.Bxf3 c5 17.e3 Rac8 18.Ra3 Rfd8 19.Rd1 cxd4 20.exd4 Nc6 21.Ra2 Nxd4 22.Bg2 Bc5
23.Be1 b6 24.h3 h5 25.Kh1 h4 26.g4 Qc7 27.Qc1 Nb3 28.Qc2 Rxd1 29.Qxd1 Nd4
30.g5 Nh7 31.g6 fxg6 32.Ne4 Nf6 33.Qd3 Nh5 34.Nxc5 Qxc5 35.Ra3 Qc1 36.Qe4 Nf6
37.Qe5 Rc5 38.Qe3 Qxb2 39.Rd3 e5 40.Bc3 Qb1+ 41.Kh2 Nf5 42.Qe2 Kh7 43.Rd1 Qb3
44.Ba1 Qxa4 45.Re1 Qf4+ 46.Kg1 Nd4 47.Qd3 Nc2  0-1

[Event "chess.com Speed 2020"]
[Site "chess.com INT"]
[Date "2020.12.03"]
[Round "2.18"]
[White "Fedoseev,Vl3"]
[Black "Nakamura,Hi"]
[Result "0-1"]
[WhiteElo "2676"]
[BlackElo "2736"]

1.e4 e5 2.Nf3 Nc6 3.Bc4 Bc5 4.c3 Nf6 5.d3 d6 6.O-O h6 7.Re1 O-O 8.b4 Bb6
9.a4 a5 10.b5 Ne7 11.Nbd2 Ng6 12.d4 Re8 13.Bb2 exd4 14.cxd4 d5 15.exd5 Rxe1+
16.Qxe1 Nf4 17.Ne5 N4xd5 18.Ne4 Be6 19.Nc5 Rb8 20.Nxe6 fxe6 21.Nd3 Qe7 22.Ba3 Qf7
23.Bc5 Nd7 24.Ra2 c6 25.Re2 Re8 26.Bxd5 cxd5 27.Bxb6 Nxb6 28.Qxa5 Nc4 29.Qe1 b6
30.g3 Qf5 31.Ne5 Nxe5 32.Rxe5 Qf7 33.f4 g6 34.Qc3 Qd7 35.Re2 Rc8 36.Qd3 Kf7
37.Rc2 Rc7 38.Kf2 Qc8 39.Rxc7+ Qxc7 40.h4 h5 41.Qb3 Qc1 42.Ke2 Qa1 43.Kd3 Qg1
44.a5 Qxg3+ 45.Kc2 Qf2+ 46.Kd3 Qf3+ 47.Kc2 Qe2+ 48.Kc1 Qe1+ 49.Kc2 Qxa5 50.Kd3 Qe1
51.Qa4 Qe4+ 52.Kc3 Qe3+ 53.Kc2 Kf6 54.Qb4 Kf5 55.Qf8+ Kg4 56.Qf6 Qe4+ 57.Kc3 Kf3
58.Kb2 Ke3 59.Kc1 Kd3  0-1

[Event "chess.com Speed 2020"]
[Site "chess.com INT"]
[Date "2020.12.03"]
[Round "2.22"]
[White "Fedoseev,Vl3"]
[Black "Nakamura,Hi"]
[Result "1/2-1/2"]
[WhiteElo "2676"]
[BlackElo "2736"]

1.Nf3 d5 2.g3 g6 3.Bg2 Bg7 4.c4 dxc4 5.Na3 Nc6 6.Nxc4 e5 7.d3 Be6 8.O-O Nge7
9.Bg5 e4 10.Nfd2 exd3 11.Bxe7 Qxe7 12.Bxc6+ bxc6 13.exd3 O-O 14.Qc2 Rad8
15.Rfe1 Qd7 16.Ne5 Bxe5 17.Rxe5 Qxd3 18.Qxd3 Rxd3 19.Ne4 Rfd8 20.f4 Rd1+
21.Rxd1 Rxd1+ 22.Kf2 Bxa2 23.Nc3 Rd2+ 24.Re2 Rxe2+ 25.Kxe2 Bd5 26.Ke3 Kg7
27.Kd4 Kf6 28.Nxd5+ cxd5 29.Kxd5 Kf5 30.Kc6 Kg4 31.Kxc7 Kh3 32.Kb7 Kxh2 33.Kxa7 Kxg3
34.b4 h5 35.f5 h4 36.fxg6 fxg6 37.b5 h3 38.b6 h2 39.b7 h1=Q 40.b8=Q+ Kg4
41.Qc8+ Kg5 42.Qd8+ Kg4 43.Qc8+ Kg5 44.Qd8+ Kf5 45.Qf8+ Kg4 46.Qc8+  1/2-1/2

[Event "chess.com Speed 2020"]
[Site "chess.com INT"]
[Date "2020.12.03"]
[Round "2.24"]
[White "Fedoseev,Vl3"]
[Black "Nakamura,Hi"]
[Result "1/2-1/2"]
[WhiteElo "2676"]
[BlackElo "2736"]

1.e4 e5 2.Nf3 Nc6 3.Bc4 Bc5 4.c3 Nf6 5.d3 d6 6.O-O h6 7.b4 Bb6 8.a4 a5 9.b5 Ne7
10.Re1 O-O 11.d4 Ng6 12.Nbd2 Re8 13.Bf1 Bg4 14.Qc2 Nf4 15.h3 Be6 16.Nc4 Bxc4
17.Bxc4 Ng6 18.Ba3 Qd7 19.Rad1 Re7 20.Kh2 Rae8 21.Bd3 Qc8 22.g3 Kh8 23.Re2 Nh5
24.Bc1 c5 25.bxc6 bxc6 26.dxe5 Nxe5 27.Nxe5 Rxe5 28.Qb3 Qc7 29.f4 R5e7 30.Ba3 Rb8
31.Qc2 Ree8 32.Bc4 d5 33.exd5 cxd5 34.Bxd5 Rxe2+ 35.Qxe2 Qxc3 36.Rd3 Qa1
37.Qd1 Qxd1 38.Rxd1 Kg8 39.Rb1 Ba7 40.Rxb8+ Bxb8 41.Bc5 Bc7 42.Kg2 Bxf4 43.g4 Nf6
44.Bc4 Nd7 45.Bd4 Bd2 46.Kf3 Bb4 47.Ke4 Nc5+ 48.Bxc5 Bxc5 49.h4 g6 50.g5 h5
51.Kf3 Bb4 52.Kg3 Be1+ 53.Kh3 Kg7 54.Bb3 Bb4 55.Bc4 Be7 56.Bb3 Bd8 57.Bc4 Bc7
58.Bb3 Bb8 59.Bc4 Ba7 60.Bb3 Bb6 61.Bc4 Be3 62.Bb3 Bf4 63.Bc4 Bc1 64.Bb3 Ba3
65.Bc4 f6 66.gxf6+ Kxf6 67.Bd3 Bb4 68.Bc2 Bc3 69.Bd3 Bd2 70.Bc2 Be1 71.Bd3 Bf2
72.Bc2 Be3 73.Bd3 Bf4 74.Bc2 Be5 75.Bd3 Bd6 76.Bc2 Bc7 77.Bd3 Bb8 78.Bc2 Ba7
79.Bd3 g5 80.hxg5+ Kxg5 81.Be2 Bb6 82.Bb5 Bd8 83.Bc6 Be7 84.Be8 Bf8 85.Bd7 Bg7
86.Bc6 Bh8 87.Bd7 Bf6 88.Be8 Be7 89.Bd7 Bd6 90.Bc6 Be5 91.Bd7 Bd4 92.Be8 Bc5
93.Bd7 Bb4 94.Bc6 Ba3 95.Be8 Bb2 96.Bd7 Ba1 97.Be8 Bh8 98.Bd7 Bf6 99.Be8 Bd8
100.Bd7 Bc7 101.Be8 Bb6 102.Bd7 Bf2 103.Be8 Be1 104.Bd7 Kf4 105.Be8 h4 106.Bd7 Bg3
107.Be8 Ke5 108.Bd7 Kd4 109.Be8 Kc5 110.Bd7 Kb4 111.Be8 Kc3 112.Bd7 Kd2 113.Be8 Ke3
114.Bd7 Kf2 115.Be8 Kf3 116.Bd7 Kf4 117.Be8 Kg5 118.Bd7 Kf6 119.Be8 Kg7 120.Bb5 Kf8
121.Bc6 Ke7 122.Bb5 Kd8 123.Bc6 Kc7 124.Bb5 Kb8 125.Be8 Ka7 126.Bb5 Kb6 127.Be8 Kc5
128.Bb5 Kd5 129.Be8 Be1 130.Bb5 Ke5 131.Be8 Kf6 132.Bb5 Kg7 133.Bc6 Kh6 134.Bd7 Kh7
135.Be8 Kh8 136.Bd7 Kg8 137.Bc6 Kg7 138.Bb5 Kf8 139.Bc6 Ke7 140.Bb5 Kd6 141.Bc4 Kc5
142.Bb5 Kb4 143.Be8 Ka3 144.Bd7 Ka2 145.Be8 Ka1 146.Bd7 Kb1 147.Be8 Kb2 148.Bd7 Kc1
149.Be8 Kd2 150.Bd7 Kc3 151.Be8 Kb4 152.Bd7 Ka3 153.Be8 Bg3 154.Bd7 Kb4 155.Be8 Ka3  1/2-1/2

[Event "chess.com Speed 2020"]
[Site "chess.com INT"]
[Date "2020.12.03"]
[Round "2.25"]
[White "Nakamura,Hi"]
[Black "Fedoseev,Vl3"]
[Result "0-1"]
[WhiteElo "2736"]
[BlackElo "2676"]

1.d4 Nf6 2.c4 g6 3.Nc3 Bg7 4.e4 d6 5.Nf3 O-O 6.Be2 e5 7.dxe5 dxe5 8.Qxd8 Rxd8
9.Nd5 Nxd5 10.cxd5 c6 11.Bc4 b5 12.Bb3 Bb7 13.Bg5 Rd7 14.Rc1 a5 15.a4 h6
16.Be3 cxd5 17.exd5 bxa4 18.Bxa4 Rxd5 19.O-O Na6 20.Nd2 Rad8 21.Nc4 Nc5 22.Nxa5 Nxa4
23.Nxb7 Rb8 24.Nc5 Nxc5 25.Rxc5 Rxc5 26.Bxc5 Rxb2 27.Rd1 f5 28.h4 Bf6 29.Rd6 Be7
30.Rd5 Rb5 31.Rxe5 Bxc5 32.Re2 Rb4 33.g3 Bd4 34.Re6 Kf7 35.Rd6 Be5 36.Ra6 f4
37.h5 fxg3 38.hxg6+ Kg7 39.fxg3 Bxg3 40.Kg2 Be5 41.Kh3 Bf6 42.Ra3 Kxg6 43.Rg3+ Bg5
44.Ra3 Kh5 45.Rg3 Rb2 46.Ra3 Re2 47.Kg3 Bh4+ 48.Kh3 Bf6 49.Rg3 Re4 50.Rf3 Be5
51.Rf5+ Kg6 52.Rf8 Re2 53.Kg4 h5+ 54.Kf3 Ra2 55.Ke4 Bf6 56.Kf3 Kf5 57.Kg3 Ra3+
58.Kh2 Kg5 59.Rg8+ Kh4 60.Kg2 Be5 61.Rg6 Bg3 62.Rg8 Ra2+ 63.Kf3 Rf2+ 64.Ke3 Kh3
65.Ra8 h4 66.Ra1 Kg2  0-1

[Event "chess.com Speed 2020"]
[Site "chess.com INT"]
[Date "2020.12.03"]
[Round "2.26"]
[White "Fedoseev,Vl3"]
[Black "Nakamura,Hi"]
[Result "1-0"]
[WhiteElo "2676"]
[BlackElo "2736"]

1.e4 e5 2.Nf3 Nc6 3.Bc4 Bc5 4.c3 Nf6 5.d3 d6 6.O-O a5 7.Re1 h6 8.Nbd2 O-O
9.Nf1 Be6 10.Bb5 Bb6 11.Ng3 Nd7 12.h3 Ne7 13.d4 f5 14.exf5 Nxf5 15.Kh2 Nh4
16.Nxh4 Qxh4 17.Re4 Qe7 18.d5 Bf5 19.Nxf5 Rxf5 20.Qg4 Rf7 21.Bxd7 Qxd7 22.Qxd7 Rxd7
23.f4 Rf7 24.fxe5 Rf1 25.e6 c6 26.c4 cxd5 27.cxd5 Rc8 28.b3 Rf2 29.Bf4 Bc5
30.Rc1 b6 31.Rxc5 bxc5 32.Bxd6 Rd2 33.e7 Re8 34.Rf4  1-0

[Event "chess.com Speed 2020"]
[Site "chess.com INT"]
[Date "2020.12.03"]
[Round "2.39"]
[White "Fedoseev,Vl3"]
[Black "Nakamura,Hi"]
[Result "1-0"]
[WhiteElo "2676"]
[BlackElo "2736"]

1.g3 g6 2.Bg2 Bg7 3.d4 d6 4.c3 Nc6 5.Nf3 e5 6.O-O Bd7 7.e4 Qc8 8.Re1 Bh3
9.Bh1 h5 10.Ng5 h4 11.Nxh3 hxg3 12.Ng5 gxf2+ 13.Kxf2 Rxh2+ 14.Bg2 exd4 15.Bf4 Rh5
16.Bf3 Rh8 17.e5 dxe5 18.cxd4 f6 19.Ne4 Qf5 20.Bg3 O-O-O 21.Kg2 Qh3+ 22.Kf2 Qf5
23.Kg1 Rxd4 24.Qe2 Qd7 25.Nbc3 f5 26.Nc5 Qe7 27.Nxb7 e4 28.Qa6 Kb8 29.Qxc6 Rd3
30.Na5 Bd4+ 31.Kf1 Rxf3+ 32.Ke2 Kc8 33.Qa8+ Kd7 34.Qd5+ Ke8 35.Qxd4 Rh3 36.Be5 Rd3
37.Qc4 Qxe5 38.Qxg8+ Kd7 39.Qf7+ Kc8 40.Qf8+ Kd7 41.Qd8+ Ke6 42.Qe8+ Kf6
43.Qxe5+ Kxe5 44.Rh1 Rhe3+ 45.Kf1 Rf3+ 46.Ke1 f4 47.Nc4+ Kd4 48.Nd2 Rfe3+
49.Kd1 Rg3 50.Nxe4 Rg2 51.Kc2 f3 52.Rhf1 Re2 53.Rad1 Rxe4 54.Nxe4  1-0

[Event "chess.com Speed 2020"]
[Site "chess.com INT"]
[Date "2020.12.03"]
[Round "2.33"]
[White "Fedoseev,Vl3"]
[Black "Nakamura,Hi"]
[Result "0-1"]
[WhiteElo "2676"]
[BlackElo "2736"]

1.b3 g6 2.Bb2 Nf6 3.g4 Bg7 4.g5 Nh5 5.Bxg7 Nxg7 6.Bg2 e5 7.h4 h6 8.Nf3 e4
9.gxh6 Rxh6 10.Ng5 d5 11.d3 f6 12.Nh3 e3 13.fxe3 Nf5 14.Nf4 Nxe3 15.Qd2 d4
16.Bf3 Qd6  0-1

[Event "chess.com Speed 2020"]
[Site "chess.com INT"]
[Date "2020.12.03"]
[Round "2.34"]
[White "Nakamura,Hi"]
[Black "Fedoseev,Vl3"]
[Result "0-1"]
[WhiteElo "2736"]
[BlackElo "2676"]

1.e4 c6 2.Nc3 d5 3.Nf3 d4 4.Ne2 c5 5.Ng3 Nc6 6.Bc4 e6 7.a3 h5 8.h3 h4 9.Ne2 Bd6
10.d3 f6 11.c3 e5 12.Bxg8 Rxg8 13.Nxh4 Be6 14.Nf5 Bf8 15.c4 Qd7 16.g4 b5
17.b3 bxc4 18.bxc4 Rb8 19.f4 g6 20.Nh4 Na5 21.f5 gxf5 22.Nxf5 Bxf5 23.gxf5 Rb6
24.Kf2 Nb3 25.Rb1 Nxc1 26.Qxc1 Qh7 27.Rxb6 axb6 28.Qb1 Qh4+ 29.Kf1 Qh5 30.Qb5+ Ke7
31.Rh2 Qf3+ 32.Ke1 Qe3 33.Kf1 Qf3+ 34.Ke1 Qe3 35.Kf1 Qxd3 36.Qc6 Qxc4 37.Kf2 Bh6
38.Qc7+ Ke8 39.Qc8+ Ke7 40.Qc7+ Kf8 41.Qd8+ Kg7 42.Rg2+ Kh7 43.Rxg8 Qxg8
44.Qxf6 d3 45.Ng3 d2 46.Qd6 Qg5 47.Qd7+ Kh8 48.Qe8+ Kg7 49.Nh5+ Kh7  0-1

[Event "chess.com Speed 2020"]
[Site "chess.com INT"]
[Date "2020.12.03"]
[Round "2.36"]
[White "Nakamura,Hi"]
[Black "Fedoseev,Vl3"]
[Result "1-0"]
[WhiteElo "2736"]
[BlackElo "2676"]

1.e4 c6 2.Nc3 d5 3.Nf3 d4 4.Ne2 c5 5.Ng3 Nc6 6.Bb5 Bd7 7.O-O h5 8.Bxc6 Bxc6
9.Ne5 Qd6 10.Nxc6 Qxc6 11.d3 h4 12.Ne2 h3 13.g3 f5 14.f3 fxe4 15.fxe4 Nf6
16.Nf4 O-O-O 17.Qf3 Nd7 18.Qg4 Rh6 19.Nxh3 Rf6 20.Bf4 e6 21.Ng5 Be7 22.h4 b5
23.a4 bxa4 24.b3 axb3 25.cxb3 Kb7 26.Rfc1 e5 27.Bd2 Qb5 28.Ne6 Rc8 29.Nxg7 Qxd3
30.Qxd7+ Rc7 31.Rxa7+  1-0

[Event "chess.com Speed 2020"]
[Site "chess.com INT"]
[Date "2020.12.03"]
[Round "2.37"]
[White "Fedoseev,Vl3"]
[Black "Nakamura,Hi"]
[Result "0-1"]
[WhiteElo "2676"]
[BlackElo "2736"]

1.e4 g6 2.h4 Bg7 3.h5 c5 4.Nc3 Nc6 5.d3 d6 6.Be3 Nf6 7.h6 Bf8 8.Be2 Nd4 9.Nf3 e5
10.Nd2 Be7 11.f4 exf4 12.Bxf4 Be6 13.Nf3 O-O 14.Qd2 d5 15.Nxd4 cxd4 16.Nxd5 Bxd5
17.exd5 Nxd5 18.O-O Nxf4 19.Qxf4 Bg5 20.Qe4 Re8 21.Qf3 Be3+ 22.Kh1 Qh4+ 23.Qh3 Qxh3+
24.gxh3 Bxh6 25.Bf3 Re7 26.Bd5 Rd8 27.Bb3 Kg7 28.Rf3 f5 29.Raf1 Be3 30.a4 f4
31.h4 Re5 32.Kg2 h6 33.Rh3 Rf8 34.Kf3 Bd2 35.Rh2 Re3+ 36.Kg2 f3+ 37.Kh1 Be1
38.Bd5 b6 39.Rh3 f2 40.Rh2 Rf4 41.Be4 Rg3 42.c3 Rfg4  0-1

[Event "chess.com Speed 2020"]
[Site "chess.com INT"]
[Date "2020.12.03"]
[Round "2.27"]
[White "Nakamura,Hi"]
[Black "Fedoseev,Vl3"]
[Result "1-0"]
[WhiteElo "2736"]
[BlackElo "2676"]

1.d4 f5 2.Nc3 Nf6 3.e4 fxe4 4.Bg5 d5 5.Bxf6 exf6 6.Qh5+ g6 7.Qxd5 Bb4 8.Qxe4+ Kf7
9.O-O-O Bxc3 10.bxc3 Re8 11.Bc4+ Kg7 12.Qd5 Qe7 13.Nf3 Be6 14.Qb5 c6 15.Qb3 Bxc4
16.Qxc4 Nd7 17.Rhe1 Qa3+ 18.Kb1 Nb6 19.Qb3 Qa5 20.Ka1 Nd5 21.c4 Nc3 22.Rxe8 Rxe8
23.Rd3 Na4 24.Qxb7+ Kg8 25.Qb3 c5 26.Qb5 Qxb5 27.cxb5 c4 28.Ra3 Nb6 29.Rxa7 Re2
30.Kb2 Rxf2 31.a4 Nd5 32.a5 Ne3 33.Ne1 Re2 34.b6  1-0

[Event "chess.com Speed 2020"]
[Site "chess.com INT"]
[Date "2020.12.03"]
[Round "2.38"]
[White "Nakamura,Hi"]
[Black "Fedoseev,Vl3"]
[Result "1-0"]
[WhiteElo "2736"]
[BlackElo "2676"]

1.e4 e6 2.Nc3 d5 3.d4 Bb4 4.e5 c5 5.Bd2 a6 6.Qg4 Kf8 7.dxc5 Bxc5 8.Bd3 Nc6
9.Nf3 Nge7 10.O-O-O Qc7 11.Rde1 Nb4 12.Kb1 Nxd3 13.cxd3 Bd7 14.Ng5 h6 15.Nf3 Nf5
16.Rc1 Qb6 17.Na4 Bxa4 18.Qxa4 Kg8 19.g4 Nd4 20.Rxc5 Nxf3 21.Be3 d4 22.Bxd4 Qd8
23.Be3 b6 24.Rc3 Nxe5 25.Qe4 Nd7 26.h4 Nf6 27.Qf3 Nd5 28.Rcc1 Qd7 29.g5 Qb5
30.Bd4 Rd8 31.Rhg1 h5 32.g6 f6 33.Qe4 Qd7 34.f4 Rh6 35.Rge1 Ne7 36.Bxb6 Re8
37.Qxe6+ Qxe6 38.Rxe6 Rxg6 39.Rce1 Kf7 40.Bc5  1-0

[Event "chess.com Speed 2020"]
[Site "chess.com INT"]
[Date "2020.12.03"]
[Round "2.310"]
[White "Nakamura,Hi"]
[Black "Fedoseev,Vl3"]
[Result "1-0"]
[WhiteElo "2736"]
[BlackElo "2676"]

1.b3 c5 2.Bb2 d6 3.Nf3 e5 4.e3 Nc6 5.c4 Nf6 6.Nc3 Be7 7.d3 O-O 8.g3 d5 9.cxd5 Nxd5
10.a3 Be6 11.Bg2 Nxc3 12.Bxc3 f6 13.O-O Qd7 14.Qc2 Rad8 15.Rfd1 Bd5 16.Rab1 b5
17.b4 cxb4 18.axb4 Rc8 19.Qb2 Rc7 20.e4 Bf7 21.d4 exd4 22.Nxd4 Nxd4 23.Bxd4 Qe6
24.e5 f5 25.f4 Rfc8 26.Bc5 Bxc5+ 27.bxc5 Rxc5 28.Rd6 Qc4 29.Rbd1 h6 30.Qb1 Qe2
31.Re1 Qc2 32.Qxc2 Rxc2 33.e6 Be8 34.e7 R2c7 35.Bd5+ Kh7 36.Kf2 g6 37.Rd8 b4
38.Be6 Rc2+ 39.Kg1 Rc1 40.Rxc1 Rxc1+ 41.Kf2 Bb5 42.Bd7 Rc2+ 43.Kf3 Rc3+ 44.Kf2 Rc2+
45.Ke1 Re2+ 46.Kd1 Rxe7 47.Bxb5 a5 48.Rd7 Rxd7+ 49.Bxd7 Kg7 50.Kc2 Kf6 51.Kd3 Ke7
52.Ba4 Kd6 53.Kc4 g5 54.Bc2 Ke6 55.Kc5 Kf6 56.Kb5 gxf4 57.gxf4 Kg6 58.Kxa5 Kh5
59.Bxf5 b3 60.Bb1 Kg4 61.f5  1-0

[Event "chess.com Speed 2020"]
[Site "chess.com INT"]
[Date "2020.12.03"]
[Round "2.29"]
[White "Nakamura,Hi"]
[Black "Fedoseev,Vl3"]
[Result "1-0"]
[WhiteElo "2736"]
[BlackElo "2676"]

1.d4 Nf6 2.Bg5 c5 3.d5 b5 4.f3 e5 5.e4 Ba6 6.a4 b4 7.Bxa6 Nxa6 8.Nd2 d6 9.Nc4 Nc7
10.Ne2 Be7 11.Be3 O-O 12.c3 a5 13.O-O Nd7 14.Nc1 Qc8 15.Nb3 Qa6 16.Nbxa5 bxc3
17.b3 f5 18.Nc6 Bf6 19.Nxd6 fxe4 20.fxe4 Nb8 21.Nxb8 Qxd6 22.Nc6 Ne6 23.dxe6 Qxc6
24.Qd5 Qxd5 25.exd5 Rfd8 26.Rfd1 e4 27.Rac1 c4 28.bxc4 Rxa4 29.c5 Rc4 30.d6 Ra8
31.e7 Kf7 32.Rc2 Ke6 33.Rb1 h6 34.Rb3 Rca4 35.g4 Kd7 36.Rb7+ Kc6 37.Rc7+ Kd5
38.Rxc3 Ra1+ 39.Rc1 Rxc1+ 40.Bxc1 Bd4+ 41.Kf1 Ke6 42.Ke2 g5 43.Bd2 Be5 44.d7 Kxe7
45.Rc8  1-0

[Event "chess.com Speed 2020"]
[Site "chess.com INT"]
[Date "2020.12.12"]
[Round "3.15"]
[White "Nakamura,Hi"]
[Black "So,W"]
[Result "1-0"]
[WhiteElo "2736"]
[BlackElo "2770"]

1.e4 e5 2.Nf3 Nc6 3.Bb5 Nf6 4.d3 Bc5 5.c3 O-O 6.Qe2 d6 7.Bg5 h6 8.Bh4 g5
9.Bg3 Nh5 10.Nbd2 Qf6 11.h3 Ne7 12.Nh2 Nf4 13.Bxf4 gxf4 14.O-O-O a6 15.Bc4 b5
16.Bb3 b4 17.Ng4 Qg7 18.cxb4 Bxb4 19.Nf3 a5 20.g3 a4 21.Bc4 Ng6 22.Rhg1 Bxg4
23.hxg4 a3 24.g5 c6 25.Kb1 Ra5 26.gxf4 d5 27.gxh6 Qxh6 28.exd5 cxd5 29.Bb3 Qxf4
30.Nxe5 Kg7 31.Rg4  1-0

[Event "chess.com Speed 2020"]
[Site "chess.com INT"]
[Date "2020.12.12"]
[Round "3.34"]
[White "So,W"]
[Black "Nakamura,Hi"]
[Result "1/2-1/2"]
[WhiteElo "2770"]
[BlackElo "2736"]

1.e4 g6 2.d4 Bg7 3.Nc3 c6 4.f4 d5 5.e5 h5 6.Nf3 Bg4 7.Bd3 Nh6 8.h3 Bxf3 9.Qxf3 e6
10.g3 Nf5 11.Ne2 Nd7 12.c3 c5 13.dxc5 Nxc5 14.Bb5+ Nd7 15.Bd3 Nc5 16.Bc2 Rc8
17.Bd2 Qb6 18.O-O-O Qa6 19.Kb1 Ne7 20.Nd4 Nc6 21.g4 Nxd4 22.cxd4 Ne4 23.Bxe4 dxe4
24.Qxe4 Qc6 25.Qxc6+ Rxc6 26.Be3 b6 27.Rc1 Kd7 28.g5 Rxc1+ 29.Rxc1 Rc8 30.Rd1 Kc6
31.Rc1+ Kb7 32.Rd1 Kc6 33.Rc1+ Kb7 34.Rxc8 Kxc8 35.Kc2 Kc7 36.Bd2 Bf8 37.Kd3 Kc6
38.Ke4 a5 39.a4 Be7 40.b3 Bf8 41.Bc3 Ba3 42.Bd2 Be7 43.Bc3 Ba3 44.Bd2 Bf8
45.Be3 Bb4 46.Bf2 Ba3 47.Be3 Be7 48.Bd2 Ba3 49.Bc3 Be7 50.Bb2 Bb4 51.Bc1 Be7
52.Bd2  1/2-1/2

[Event "chess.com Speed 2020"]
[Site "chess.com INT"]
[Date "2020.12.12"]
[Round "3.35"]
[White "Nakamura,Hi"]
[Black "So,W"]
[Result "1-0"]
[WhiteElo "2736"]
[BlackElo "2770"]

1.b3 e5 2.Bb2 Nc6 3.e3 Nf6 4.Bb5 Qe7 5.Ne2 a6 6.Bxc6 dxc6 7.d3 Bg4 8.h3 Bh5
9.Nbc3 O-O-O 10.Qd2 Nd7 11.O-O-O f5 12.g4 fxg4 13.Ng3 Qf7 14.Nxh5 Qxh5 15.hxg4 Qxg4
16.Rdg1 Qe6 17.Ne4 h6 18.Qe2 Rg8 19.Qf3 Be7 20.Rh5 Rdf8 21.Qg2 Rf7 22.Qh2 Nf6
23.Rxe5 Qd7 24.Nxf6 Bxf6 25.Rh5 Bxb2+ 26.Kxb2 Qe7 27.Qh3+ Kb8 28.f4 Re8 29.Re5 Qf6
30.d4 Ref8 31.Qh5 g5 32.fxg5 hxg5 33.Qxg5 Qd6 34.Rc5 Rf2 35.Rg2 R2f3 36.Re5 Ka7
37.Qe7 R8f7 38.Qe8 Rf8 39.Qe6 R8f6 40.Qxd6 cxd6 41.Re7 Rf7 42.Rxf7 Rxf7 43.Kc3 d5
44.Kd3 b5 45.c4 bxc4+ 46.bxc4 Kb6 47.cxd5 cxd5 48.Rg6+ Kb5 49.Re6 Rd7 50.Kc3 a5
51.Kb3 a4+ 52.Kc3 Rc7+ 53.Kd3 Rd7 54.a3 Rd8 55.Re5 Kc6 56.e4 dxe4+ 57.Kxe4 Rh8
58.Rc5+ Kd6 59.Rc3 Rh4+ 60.Kd3 Kd5 61.Rc5+ Kd6 62.Kc4 Rh3 63.Kb4 Rd3 64.Rc4 Kd5
65.Rc5+ Kd6 66.Kxa4 Rxd4+ 67.Kb5 Rd1 68.Rc2 Rb1+ 69.Ka5 Rb7 70.a4 Rc7 71.Rb2 Rc4
72.Kb5 Re4 73.Rc2 Re1 74.a5 Rb1+ 75.Ka6 Kd7 76.Ka7 Rb3 77.Rc4 Rb2 78.Rc5 Rb3
79.Rh5 Rb2 80.Rh6 Kc7 81.Rh5 Rb1 82.Rc5+ Kd7 83.Rc2 Rb3 84.Ka6 Rb4 85.Re2 Rb3
86.Rh2 Rb4 87.Rh6 Rb3 88.Rb6 Ra3 89.Kb5 Rb3+ 90.Ka6 Ra3 91.Rb1 Ra2 92.Rc1 Rb2
93.Rc5 Rb1 94.Rf5 Rb2 95.Rf6 Kc7 96.Rf7+ Kb8 97.Rf8+ Kc7 98.Ka7 Rb7+ 99.Ka8 Rb5
100.a6 Rb6 101.Ka7 Rb5 102.Rf2 Kc8 103.Rc2+ Kd7 104.Rc3 Kd6 105.Rc8 Kd7 106.Rb8 Ra5
107.Kb6 Ra1 108.a7  1-0

[Event "chess.com Speed 2020"]
[Site "chess.com INT"]
[Date "2020.12.12"]
[Round "3.36"]
[White "So,W"]
[Black "Nakamura,Hi"]
[Result "0-1"]
[WhiteElo "2770"]
[BlackElo "2736"]

1.d4 g6 2.c4 Bg7 3.Nc3 d6 4.e4 Nf6 5.Be2 O-O 6.Nf3 e5 7.O-O Nbd7 8.Be3 Re8
9.d5 Nc5 10.Nd2 a5 11.g4 Kh8 12.Kh1 Ng8 13.Rg1 h6 14.Rg3 Bf6 15.Nf3 Bg5 16.Nxg5 hxg5
17.Qd2 f6 18.Kg2 Kg7 19.Rh1 Ne7 20.b3 Rh8 21.Kf1 Bd7 22.h3 Na6 23.Kg2 a4
24.Bd1 axb3 25.axb3 b6 26.Bc2 Be8 27.Bb1 Nc5 28.Bc2 Nd7 29.b4 Bf7 30.Bd3 Qc8
31.Be2 Qd8 32.Rc1 Rc8 33.Bd1 c6 34.Be2 c5 35.Nb5 Nb8 36.Ra1 Be8 37.Nc3 Rc7
38.bxc5 bxc5 39.Ra8 Rb7 40.Qa2 Nc8 41.Bd2 Nb6 42.Ra7 Qe7 43.Rxb7 Qxb7 44.Qb2 Qa6
45.Qb3 Bd7 46.Nd1 Rh7 47.Nb2 Be8 48.Qa3 Kf8 49.Qxa6 Nxa6 50.Rb3 Nc8 51.Nd1 Ra7
52.Nc3 Ra8 53.Nb5 Rb8 54.Ra3 Bxb5 55.cxb5 Nc7 56.Ba5 Nb6 57.Bc3 Nc8 58.Ba5 Ra8
59.b6 Nxb6 60.Bxb6 Rxa3 61.Bxc7 Ke7 62.Bb6 Ra4 63.f3 c4 64.Kf2 c3 65.Bd3 c2
66.Be3 Ra1  0-1

[Event "chess.com Speed 2020"]
[Site "chess.com INT"]
[Date "2020.12.12"]
[Round "3.37"]
[White "Nakamura,Hi"]
[Black "So,W"]
[Result "0-1"]
[WhiteElo "2736"]
[BlackElo "2770"]

1.e4 c5 2.Nc3 d6 3.f4 g6 4.Nf3 Bg7 5.Bc4 Nc6 6.Bb5 Bd7 7.Bxc6 Bxc6 8.d3 Qd7
9.O-O f5 10.Qe1 Nf6 11.e5 Nd5 12.Bd2 O-O 13.Nxd5 Bxd5 14.Bc3 b5 15.a3 Rae8
16.b4 Qc6 17.Bb2 Bxf3 18.Rxf3 cxb4 19.axb4 Qxc2 20.Rf2 Qxd3 21.Rxa7 dxe5
22.Bxe5 Bxe5 23.Qxe5 Qb1+ 24.Rf1 Qxb4 25.Rb7 Qd6 26.Qxd6 exd6 27.Rxb5 Rd8
28.Rd1 Kf7 29.Rb7+ Kg8 30.Rb6 Rf6 31.Ra1 Rd7 32.Kf2 Re6 33.Ra8+ Kf7 34.Rh8 Kf6
35.Rbb8 d5 36.Rbf8+ Kg7 37.h3 d4 38.Rfg8+ Kh6 39.g4 fxg4 40.hxg4 d3 41.Rd8 Re2+
42.Kf3 Ree7 43.Kg3 d2 44.Kh4 d1=Q 45.g5+ Kg7 46.Rhg8+ Kf7 47.Rgf8+ Ke6 48.Rf6+ Kd5
49.Rxd7+ Rxd7 50.Ra6 Ke4 51.Ra3 Qe1+ 52.Kh3 Rd3+ 53.Rxd3 Kxd3 54.Kg2 Ke3
55.f5 Qf2+ 56.Kh3 Kf3  0-1

[Event "chess.com Speed 2020"]
[Site "chess.com INT"]
[Date "2020.12.12"]
[Round "3.38"]
[White "So,W"]
[Black "Nakamura,Hi"]
[Result "0-1"]
[WhiteElo "2770"]
[BlackElo "2736"]

1.d4 g6 2.c4 Bg7 3.Nf3 d6 4.Nc3 f5 5.g3 Nf6 6.Bg2 O-O 7.O-O c6 8.d5 e5 9.dxe6 Bxe6
10.b3 Re8 11.Bb2 Na6 12.Qc2 Nc5 13.Rad1 Qe7 14.Nd4 Bf7 15.e3 Ng4 16.Nde2 a5
17.Rd2 a4 18.Rfd1 axb3 19.axb3 Rad8 20.h3 Nf6 21.b4 Nce4 22.Nxe4 Nxe4 23.Bxe4 Qxe4
24.Bxg7 Qxc2 25.Rxc2 Kxg7 26.b5 c5 27.Nf4 Kf6 28.Nd5+ Bxd5 29.Rxd5 Re5 30.Rd1 Re4
31.Rd5 Ke6 32.Kg2 Rxc4 33.Rxd6+ Rxd6 34.Rxc4 Kd5 35.Rh4 Rd7 36.Kf3 b6 37.Ke2 Ra7
38.g4 fxg4 39.Rxg4 Ra2+ 40.Kf3 Rb2 41.h4 Rxb5 42.h5 gxh5 43.Rg5+ Kc6 44.Rxh5 c4
45.Rh6+ Kc5 46.Rxh7 Rb1 47.Rc7+ Kd5 48.e4+ Kd4 49.Rd7+ Kc3 50.e5 Re1 51.Kf4 b5
52.Kf5 b4 53.e6 b3 54.Kf6 b2 55.Rb7 b1=Q  0-1

[Event "chess.com Speed 2020"]
[Site "chess.com INT"]
[Date "2020.12.12"]
[Round "3.39"]
[White "Nakamura,Hi"]
[Black "So,W"]
[Result "0-1"]
[WhiteElo "2736"]
[BlackElo "2770"]

1.e4 c5 2.Nf3 d6 3.Bb5+ Nd7 4.Ba4 Nf6 5.O-O e6 6.Re1 a6 7.c4 Be7 8.d4 cxd4
9.Nxd4 O-O 10.Nc3 Ne5 11.Qe2 Qc7 12.Bb3 Bd7 13.f4 Nc6 14.Be3 Rac8 15.Nxc6 Bxc6
16.Bf2 Rfe8 17.Rad1 Qa5 18.Bc2 b5 19.e5 dxe5 20.fxe5 Nd7 21.Rxd7 Bxd7 22.Qd3 g6
23.Qxd7 Bb4 24.Ne4 Bxe1 25.Nf6+ Kg7 26.Nxe8+ Rxe8 27.Qxe8 Qd2 28.Bc5 Bf2+  0-1

[Event "chess.com Speed 2020"]
[Site "chess.com INT"]
[Date "2020.12.12"]
[Round "3.310"]
[White "So,W"]
[Black "Nakamura,Hi"]
[Result "1-0"]
[WhiteElo "2770"]
[BlackElo "2736"]

1.e4 g6 2.d4 Bg7 3.Nc3 c6 4.h3 d5 5.e5 f6 6.f4 Nh6 7.Nf3 O-O 8.Bd3 Bf5 9.O-O Nd7
10.Ne2 Be4 11.Bxe4 dxe4 12.Nd2 f5 13.Nc4 Nb6 14.Ne3 Nd5 15.c4 Nxe3 16.Bxe3 e6
17.Qb3 Qe7 18.Rad1 Rfd8 19.Rd2 Nf7 20.Rfd1 g5 21.d5 exd5 22.cxd5 gxf4 23.Bxf4 cxd5
24.Rxd5 Rxd5 25.Rxd5 Rd8 26.Nd4 Rxd5 27.Qxd5 Qd8 28.Qxd8+ Nxd8 29.Nxf5 Ne6
30.Bg3 Bf8 31.Nd6 e3 32.Kf1 Nd4 33.Bf4 e2+ 34.Kf2 Be7 35.g3 b6 36.Be3 Nc6
37.Bf4 Nd4 38.Be3 Nc6 39.Kxe2 Nxe5 40.Nc8 Bf6 41.Nxa7 Nc4 42.b3 Nd6 43.Bxb6 Ne4
44.Kf3 Nc3 45.a4 Nd5 46.a5 Nb4 47.Bc5 Na6 48.b4 Be5 49.Nc6 Bc7 50.Be3 Bd6
51.b5 Nc7 52.b6 Nd5 53.b7 Kf7 54.b8=Q Bxb8 55.Nxb8 Ke6 56.a6 Nc7 57.a7 Kd5
58.Bf4 Na8 59.Na6 Kc6 60.Nc7 Nb6 61.a8=Q+ Nxa8 62.Nxa8 Kd7 63.Nc7 Ke7 64.g4 Kf6
65.g5+ Kg6 66.Kg4 Kf7 67.h4 Ke7 68.h5 Kf7 69.h6 Kg6 70.Ne6 Kf7 71.Nd4 Kg6
72.Nf3 Kf7 73.Bg3 Ke6 74.g6 hxg6 75.h7 Kd5 76.h8=Q Kc6 77.Qe5 Kb7 78.Qd6 g5
79.Kxg5 Ka7 80.Kf5 Kb7 81.Ke6 Ka7 82.Kd7 Kb7 83.Nd4 Ka7 84.Nb5+ Kb7 85.Qc6+  1-0